<?xml version="1.0" encoding="UTF-8"?><?xml-stylesheet type="text/xsl" href="static/style.xsl"?><OAI-PMH xmlns="http://www.openarchives.org/OAI/2.0/" xmlns:xsi="http://www.w3.org/2001/XMLSchema-instance" xsi:schemaLocation="http://www.openarchives.org/OAI/2.0/ http://www.openarchives.org/OAI/2.0/OAI-PMH.xsd"><responseDate>2026-04-30T05:16:59Z</responseDate><request verb="GetRecord" identifier="oai:riubu.ubu.es:10259/6213" metadataPrefix="marc">https://riubu.ubu.es/oai/request</request><GetRecord><record><header><identifier>oai:riubu.ubu.es:10259/6213</identifier><datestamp>2024-05-13T09:54:05Z</datestamp><setSpec>com_10259_5238</setSpec><setSpec>com_10259_5086</setSpec><setSpec>com_10259_2604</setSpec><setSpec>col_10259_6212</setSpec></header><metadata><record xmlns="http://www.loc.gov/MARC21/slim" xmlns:doc="http://www.lyncode.com/xoai" xmlns:xsi="http://www.w3.org/2001/XMLSchema-instance" xmlns:dcterms="http://purl.org/dc/terms/" xsi:schemaLocation="http://www.loc.gov/MARC21/slim http://www.loc.gov/standards/marcxml/schema/MARC21slim.xsd">
<leader>00925njm 22002777a 4500</leader>
<datafield tag="042" ind1=" " ind2=" ">
<subfield code="a">dc</subfield>
</datafield>
<datafield tag="720" ind1=" " ind2=" ">
<subfield code="a">Archel, Pablo</subfield>
<subfield code="e">author</subfield>
</datafield>
<datafield tag="720" ind1=" " ind2=" ">
<subfield code="a">Carrasco Fenech, Francisco</subfield>
<subfield code="e">author</subfield>
</datafield>
<datafield tag="720" ind1=" " ind2=" ">
<subfield code="a">García-Benau, María Antonia</subfield>
<subfield code="e">author</subfield>
</datafield>
<datafield tag="720" ind1=" " ind2=" ">
<subfield code="a">Larrinaga González, Carlos</subfield>
<subfield code="e">author</subfield>
</datafield>
<datafield tag="260" ind1=" " ind2=" ">
<subfield code="c">2022-07</subfield>
</datafield>
<datafield tag="520" ind1=" " ind2=" ">
<subfield code="a">This paper explores the social and political potential of accounting scholarship, presenting and discussing an intellectual intervention challenging a legislative reform that significantly affected Spanish industrial relations. In this reform, an accounting artifact (forecasted losses) played an unexpected role and was misrepresented, prompting a sizeable number of scholars to sign two manifestos in 2010 and 2012 against the use of forecasted losses made by the new legislation. As promoters of this manifesto, we perform in this paper a collaborative autoethnography to reflect on the context, events, reactions, and significance of this intervention for both the academic and the industrial relations fields. We mobilize Pierre Bourdieu’s ideas on the public intellectual to think more generally about academic engagements in the interplay between accounting, policymaking, and social issues. This intervention illustrates the different manners in which administrative and economic powers interfered in the Spanish accounting academic field, limiting the disposition of Spanish scholars to engage in public debates. We also interpret our engagement as mobilizing intellectual capital to expose how the notion of forecasted losses was used to produce a form of symbolic violence and how this capital is more effective as it produces messages addressed to the producers, i.e., policymakers and the judicature in this specific case.</subfield>
</datafield>
<datafield tag="024" ind2=" " ind1="8">
<subfield code="a">1045-2354</subfield>
</datafield>
<datafield tag="024" ind2=" " ind1="8">
<subfield code="a">http://hdl.handle.net/10259/6213</subfield>
</datafield>
<datafield tag="024" ind2=" " ind1="8">
<subfield code="a">10.1016/j.cpa.2021.102359</subfield>
</datafield>
<datafield ind1=" " ind2=" " tag="653">
<subfield code="a">Critical accounting</subfield>
</datafield>
<datafield ind1=" " ind2=" " tag="653">
<subfield code="a">Industrial relations</subfield>
</datafield>
<datafield ind1=" " ind2=" " tag="653">
<subfield code="a">Intellectual interventions</subfield>
</datafield>
<datafield ind1=" " ind2=" " tag="653">
<subfield code="a">Reflexivity</subfield>
</datafield>
<datafield tag="245" ind1="0" ind2="0">
<subfield code="a">Intellectual engagements of accounting academics: The ‘forecasted losses' intervention</subfield>
</datafield>
</record></metadata></record></GetRecord></OAI-PMH>